|
|
|
|
| LEADER |
02016cas a2200277 a 4500 |
| 001 |
AALejournalIMF009477 |
| 008 |
230101c9999 xx r poo 0 0eng d |
| 020 |
|
|
|c 5.00 USD
|
| 020 |
|
|
|z 9781451867541
|
| 022 |
|
|
|a 1018-5941
|
| 040 |
|
|
|a BD-DhAAL
|c BD-DhAAL
|
| 100 |
1 |
|
|a Vavra, David.
|
| 245 |
1 |
0 |
|a Coping with Capital Inflows :
|b Experiences of Selected European Countries /
|c David Vavra, Inci Otker, Barry Topf, Zbigniew Polanski.
|
| 264 |
|
1 |
|a Washington, D.C. :
|b International Monetary Fund,
|c 2007.
|
| 300 |
|
|
|a 1 online resource (44 pages)
|
| 490 |
1 |
|
|a IMF Working Papers
|
| 500 |
|
|
|a <strong>Off-Campus Access:</strong> No User ID or Password Required
|
| 500 |
|
|
|a <strong>On-Campus Access:</strong> No User ID or Password Required
|
| 506 |
|
|
|a Electronic access restricted to authorized BRAC University faculty, staff and students
|
| 520 |
3 |
|
|a This paper reviews the experiences of a number of European countries in coping with capital inflows. It describes the nature of the inflows, their implications for macroeconomic and financial stability, and the policy responses used to cope with them. The experiences suggest that as countries become more integrated with international financial markets, there is little room to regulate capital flows effectively. The most effective ways to deal with capital inflows would be to deepen the financial markets, strengthen financial system supervision and regulation, where needed, and improve the capacity to design and implement sound macroeconomic and financial sector policies. These actions will help increase the absorption capacity and resilience of the economies and financial systems to the risks associated with the inflows.
|
| 538 |
|
|
|a Mode of access: Internet
|
| 700 |
1 |
|
|a Otker, Inci.
|
| 700 |
1 |
|
|a Polanski, Zbigniew.
|
| 700 |
1 |
|
|a Topf, Barry.
|
| 830 |
|
0 |
|a IMF Working Papers; Working Paper ;
|v No. 2007/190
|
| 856 |
4 |
0 |
|z Full text available on IMF
|u http://elibrary.imf.org/view/journals/001/2007/190/001.2007.issue-190-en.xml
|z IMF e-Library
|